<?xml version="1.0" encoding="UTF-8"?>
<record
    xmlns:xsi="http://www.w3.org/2001/XMLSchema-instance"
    xsi:schemaLocation="http://www.loc.gov/MARC21/slim http://www.loc.gov/standards/marcxml/schema/MARC21slim.xsd"
    xmlns="http://www.loc.gov/MARC21/slim">

  <leader>00402nam a22001697a 4500</leader>
  <controlfield tag="003">OSt</controlfield>
  <controlfield tag="005">20240322145305.0</controlfield>
  <controlfield tag="008">190923b        xxu||||| |||| 00| 0 eng d</controlfield>
  <datafield tag="020" ind1=" " ind2=" ">
    <subfield code="a">978-8126511136</subfield>
  </datafield>
  <datafield tag="040" ind1=" " ind2=" ">
    <subfield code="c">IIMT UNIVERSITY</subfield>
  </datafield>
  <datafield tag="100" ind1=" " ind2=" ">
    <subfield code="a">GARY D. CHRISTIAN</subfield>
  </datafield>
  <datafield tag="245" ind1=" " ind2=" ">
    <subfield code="a">ANALYTICAL CHEMISTRY </subfield>
  </datafield>
  <datafield tag="250" ind1=" " ind2=" ">
    <subfield code="a">6TH</subfield>
  </datafield>
  <datafield tag="260" ind1=" " ind2=" ">
    <subfield code="a">NEW DELHI</subfield>
    <subfield code="b">WILEY INDIA</subfield>
    <subfield code="c">2017</subfield>
  </datafield>
  <datafield tag="300" ind1=" " ind2=" ">
    <subfield code="a">828</subfield>
  </datafield>
  <datafield tag="942" ind1=" " ind2=" ">
    <subfield code="2">ddc</subfield>
    <subfield code="c">01</subfield>
    <subfield code="e">6TH</subfield>
  </datafield>
  <datafield tag="999" ind1=" " ind2=" ">
    <subfield code="c">49073</subfield>
    <subfield code="d">49073</subfield>
  </datafield>
  <datafield tag="952" ind1=" " ind2=" ">
    <subfield code="0">0</subfield>
    <subfield code="1">0</subfield>
    <subfield code="2">ddc</subfield>
    <subfield code="4">0</subfield>
    <subfield code="7">0</subfield>
    <subfield code="a">01</subfield>
    <subfield code="b">01</subfield>
    <subfield code="d">2019-09-23</subfield>
    <subfield code="e">KIRTI PRAKASHAN</subfield>
    <subfield code="f">BASIC SCIE</subfield>
    <subfield code="g">899.00</subfield>
    <subfield code="i">IN4979,16-09-2019</subfield>
    <subfield code="l">1</subfield>
    <subfield code="o">543.05 CHR</subfield>
    <subfield code="p">01-B-129299</subfield>
    <subfield code="r">2019-11-07</subfield>
    <subfield code="s">2019-11-02</subfield>
    <subfield code="u">Chemistry</subfield>
    <subfield code="w">2019-09-23</subfield>
    <subfield code="y">02</subfield>
  </datafield>
  <datafield tag="952" ind1=" " ind2=" ">
    <subfield code="0">0</subfield>
    <subfield code="1">0</subfield>
    <subfield code="2">ddc</subfield>
    <subfield code="4">0</subfield>
    <subfield code="7">0</subfield>
    <subfield code="a">01</subfield>
    <subfield code="b">01</subfield>
    <subfield code="d">2019-09-23</subfield>
    <subfield code="e">KIRTI PRAKASHAN</subfield>
    <subfield code="f">BASIC SCIE</subfield>
    <subfield code="g">899.00</subfield>
    <subfield code="i">IN4979,16-09-2019</subfield>
    <subfield code="o">543.05 CHR</subfield>
    <subfield code="p">01-B-129300</subfield>
    <subfield code="r">2019-09-23</subfield>
    <subfield code="u">Chemistry</subfield>
    <subfield code="w">2019-09-23</subfield>
    <subfield code="y">06</subfield>
  </datafield>
</record>
